Central Library OPAC University of Rajshahi

Hill and valley farmers : (Record no. 59283)

MARC details
000 -LEADER
fixed length control field 00764nam a2200241 a 4500
001 - CONTROL NUMBER
control field 59283
003 - CONTROL NUMBER IDENTIFIER
rucl marc code BD-RjUL
005 - DATE AND TIME OF LATEST TRANSACTION
control field 20211209080719.0
008 - FIXED-LENGTH DATA ELEMENTS--GENERAL INFORMATION
fixed length control field 161222s1970 mauac b 001 0 eng
035 ## - SYSTEM CONTROL NUMBER
System control number (BD-RjUL)59407
040 ## - CATALOGING SOURCE
Original cataloging agency DLC
Transcribing agency DLC
Modifying agency BD-RjUL
Language of cataloging eng
041 ## - LANGUAGE CODE
Language code of text/sound track or separate title eng
082 00 - DEWEY DECIMAL CLASSIFICATION NUMBER
Classification number 919.14
Edition number 23
Author mark and year WAH 1970
100 1# - MAIN ENTRY--PERSONAL NAME
Personal name Wallace, Ben J.,
Dates associated with a name 1937-
9 (RLIN) 176327
245 10 - TITLE STATEMENT
Title Hill and valley farmers :
Remainder of title socio-economic change among a Philippine people,
Statement of responsibility, etc. by Ben J. Wallace.
260 ## - PUBLICATION, DISTRIBUTION, ETC. (IMPRINT)
Place of publication, distribution, etc. Cambridge, Mass :
Name of publisher, distributor, etc. Schenkman Pub. Co.
Date of publication, distribution, etc. c1970.
300 ## - PHYSICAL DESCRIPTION
Pagination xix, 137 p. :
Illustrations ill. ;
Size 23 cm.
350 ## - PRICE (NR) (BK AM CF MU VM SE) [OBSOLETE]
Price $3.95
504 ## - BIBLIOGRAPHY, ETC. NOTE
Bibliography, etc Includes index and Bibliography: p. 129-134.
650 #0 - SUBJECT ADDED ENTRY--TOPICAL TERM
Topical term or geographic name as entry element Gaddang (Philippine people)
9 (RLIN) 176328
942 ## - ADDED ENTRY ELEMENTS (KOHA)
Source of classification or shelving scheme Dewey Decimal Classification
Koha item type Books
Holdings
Lost status Source of classification or shelving scheme Damaged status Not for loan Collection code Permanent Location Current Location Shelving location Date acquired Source of acquisition Total Checkouts Full call number Date last seen Copy number Koha item type
  Dewey Decimal Classification   Not For Loan Non-fiction Central Library, University of Rajshahi Central Library, University of Rajshahi Reading Room 29/03/1977 Lions Internationals   919.14 WAH 1970 22/12/2016 C-1 Books